Statistics for 2000's Movie by Screenshot #1

Click here to take the quiz!

General Stats

  • This quiz has been taken 911 times
  • The average score is 17 of 20

Answer Stats

Answer% Correct
Avatar
99%
Finding Nemo
98%
Gladiator
94%
Up
94%
The Lord of the Rings: the Fellowship of the Ring
93%
Spiderman
90%
Pirates of the Caribbean: Curse of the Black Pearl
89%
Elf
88%
Kill Bill: Vol. 1
88%
The Dark Knight
88%
Twilight
88%
Charlie and the Chocolate Factory
87%
Night at the Museum
86%
Hangover
85%
School of Rock
82%
Star Wars: Revenge of the Sith
79%
High School Musical
69%
No Country for Old Men
67%
Shaun of the Dead
57%
Lost in Translation
52%

Score Distribution

Percentile by Number Answered

Percent of People with Each Score

Your Score History

You have not taken this quiz